Giacomo Alberione. Dicono di lui (Record n. 104188)

Dettagli MARC
000 -LEADER
fixed length control field 00526nam a22001817a 4500
003 - CONTROL NUMBER IDENTIFIER
control field IT-RoPau
005 - DATE AND TIME OF LATEST TRANSACTION
control field 20220918181218.0
008 - FIXED-LENGTH DATA ELEMENTS--GENERAL INFORMATION
fixed length control field 131203b xxu||||| |||| 00| 0 eng d
040 ## - CATALOGING SOURCE
Transcribing agency IT-RoPau
100 ## - MAIN ENTRY--PERSONAL NAME
Personal name Zambonini, Franca e Cibien, Carlo
9 (RLIN) 5042
245 ## - TITLE STATEMENT
Title Giacomo Alberione. Dicono di lui
250 ## - EDITION STATEMENT
Edition statement I
260 ## - PUBLICATION, DISTRIBUTION, ETC. (IMPRINT)
Place of publication, distribution, etc. Alba (Cuneo)
Name of publisher, distributor, etc. SSP
Date of publication, distribution, etc. 2003
300 ## - PHYSICAL DESCRIPTION
Extent 156 pp.
Dimensions 21 cm
Accompanying material Foto
490 ## - SERIES STATEMENT
Series statement San Paolo - Paoline
520 ## - SUMMARY, ETC.
Summary, etc. Indice<br/><br/>Profilo di un beato<br/>"Hanno detto di lui"<br/>"DIcono di lui"
942 ## - ADDED ENTRY ELEMENTS (KOHA)
Source of classification or shelving scheme Dewey Decimal Classification
Koha item type LIBRO
Dati di copia
Withdrawn status Lost status Source of classification or shelving scheme Damaged status Not for loan Home library Current library Date acquired Total Checkouts Full call number Date last seen Price effective from Koha item type
    Dewey Decimal Classification Buone Condizioni Not For Loan PAULUS-BIBLIOTECA PAULUS-BIBLIOTECA 03/12/2013   P B2 03/12/2013 03/12/2013 LIBRO
    Dewey Decimal Classification Buone Condizioni Not For Loan PAULUS-BIBLIOTECA PAULUS-BIBLIOTECA 03/12/2013   P B2 03/12/2013 03/12/2013 LIBRO
CREDITS: SOCIETA' SAN PAOLO Via A.Severo, 58 - ROMA (RM) & PERIODICI SAN PAOLO SRL Via Giotto, 36 MILANO & CISF Via Giotto, 36 MILANO & EDIZIONI SAN PAOLO SRL,  Piazza Soncino, 5 CINISELLO BALSAMO (MI) -- ITALY